00358nam a2200133Ia 450000500170000000800410001702000150005808200130007310000190008624500190010526000670012430000120019165000210020320250701014432.0240331s9999 xx 000 0 und d a9559518208 bCASa891 aCasinadhar,R.A 0aPathal siwpada aBoralesgamuwabLimited Enlightened Publishers ( Private)c1988 a79 p ., aQuarter of Mines